Desarrollo de la fuerza de trabajo en Costa Rica: proyecto de investigación
Guardat en:
| Autor principal: | |
|---|---|
| Format: | Text |
| Publicat: |
San Pedro :
|
| Etiquetes: |
Afegir etiqueta
Sense etiquetes, Sigues el primer a etiquetar aquest registre!
|
MARC
| LEADER | 00000 a a2200000 04500 | ||
|---|---|---|---|
| 001 | 16311 | ||
| 003 | |||
| 040 | |||
| 090 | |a 012900 | ||
| 100 | |a Churnside Harrison, Róger | ||
| 245 | |a Desarrollo de la fuerza de trabajo en Costa Rica: proyecto de investigación | ||
| 260 | |a San Pedro : | ||
| 300 | |a 32 p. | ||
| 999 | |c 1042 |d 1042 | ||
